[Event "BL 9394 Castrop Rauxel-Erfurt"]
[Site "?"]
[Date "1993.??.??"]
[Round "?.5"]
[White "Mueller, Mat"]
[Black "Sehner, N."]
[Result "1-0"]
[WhiteElo "2350"]
[BlackElo "2415"]
[PlyCount "81"]
[EventDate "1993.??.??"]

1. e4 c5 2. Nf3 d6 3. d4 cxd4 4. Nxd4 Nf6 5. Nc3 g6 6. Be3 Bg7 7. f3 Nc6 8. Qd2
O-O 9. Bc4 Bd7 10. O-O-O Qc7 11. Bb3 Rfc8 12. h4 Na5 13. Kb1 Nc4 14. Bxc4 Qxc4
15. h5 b5 16. hxg6 fxg6 17. g4 Qf7 18. Rdg1 b4 19. Nce2 e5 20. Nb3 a5 21. Nbc1
Be6 22. Ng3 a4 23. Qxb4 Rab8 24. Qa3 d5 25. Bh6 Qc7 26. Bxg7 Kxg7 27. Rg2 dxe4
28. g5 Nd5 29. Nxe4 Nb4 30. Rgh2 Bg8 31. c3 Nd5 32. Ka1 Nb6 33. Nd3 Rf8 34. Nf6
h5 35. Qc5 Qxc5 36. Nxc5 Rbd8 37. Nxg8 Kxg8 38. Ne6 Rd3 39. Nxf8 Kxf8 40. Re2
Nd7 41. Rf1 1-0

[Event "BL 9394 Castrop Rauxel-Erfurt"]
[Site "?"]
[Date "1993.??.??"]
[Round "?.6"]
[White "Libeau, R."]
[Black "Troyke, C."]
[Result "1-0"]
[WhiteElo "2425"]
[BlackElo "2395"]
[PlyCount "79"]
[EventDate "1993.??.??"]

1. Nf3 Nf6 2. c4 g6 3. Nc3 Bg7 4. e4 d6 5. d4 O-O 6. Be2 Bg4 7. Be3 Nfd7 8. Ng1
Bxe2 9. Ngxe2 e5 10. O-O Nc6 11. d5 Ne7 12. Qd2 f5 13. exf5 Nxf5 14. Bg5 Qc8
15. Ng3 Nb6 16. b3 Qd7 17. Rac1 Rf7 18. Nge4 Nd4 19. Be3 c6 20. f3 cxd5 21.
Nxd5 Nxd5 22. cxd5 Nf5 23. Rc4 Qb5 24. Nc3 Qd7 25. a4 a6 26. Ne4 Rff8 27. Bf2
Rac8 28. Rfc1 Rxc4 29. Rxc4 Rc8 30. g4 Nd4 31. Bxd4 Rxc4 32. bxc4 exd4 33. Qb4
Be5 34. c5 dxc5 35. Qxc5 Kg7 36. d6 Bf6 37. g5 Bd8 38. Qxd4+ Kf7 39. Qd5+ Kg7
40. Nc5 1-0

[Event "BL 9394 Castrop Rauxel-Erfurt"]
[Site "?"]
[Date "1993.??.??"]
[Round "?.7"]
[White "Brueggemann, Joa"]
[Black "Hermesmann, H."]
[Result "1/2-1/2"]
[WhiteElo "2335"]
[BlackElo "2305"]
[PlyCount "90"]
[EventDate "1993.??.??"]

1. e4 c5 2. Nf3 d6 3. d4 cxd4 4. Nxd4 Nf6 5. Nc3 Nc6 6. Bg5 a6 7. Qd2 Nxd4 8.
Qxd4 e5 9. Qd2 Be6 10. Be2 Rc8 11. O-O Be7 12. Rfd1 Rc6 13. Bxf6 Bxf6 14. Nd5
Bg5 15. Qb4 Qc8 16. c4 O-O 17. Qa3 Kh8 18. Qg3 Qd8 19. b3 Bh4 20. Qe3 f5 21.
exf5 Bxf5 22. g3 Bg5 23. Qc3 Qd7 24. Bf3 e4 25. Bg2 Bg4 26. Bxe4 Bxd1 27. Rxd1
b5 28. f4 Bd8 29. Qf3 Qh3 30. Bd3 bxc4 31. bxc4 Bb6+ 32. Kh1 Bc5 33. Re1 Rcc8
34. Qe4 Bf2 35. Qe6 Qh5 36. Qe2 Qxe2 37. Rxe2 Bc5 38. Kg2 Rb8 39. h4 a5 40. a4
Rb7 41. h5 Rfb8 42. Kh3 Rb2 43. Re7 R2b7 44. Re2 Rb2 45. Re7 R2b7 1/2-1/2

[Event "BL 9394 Castrop Rauxel-Erfurt"]
[Site "?"]
[Date "1993.??.??"]
[Round "?.8"]
[White "Hille, RI."]
[Black "Voekler, B."]
[Result "1/2-1/2"]
[WhiteElo "2305"]
[BlackElo "2335"]
[PlyCount "186"]
[EventDate "1993.??.??"]

1. d4 Nf6 2. g3 g6 3. Bg2 d5 4. Nf3 Bg7 5. O-O O-O 6. c4 c6 7. cxd5 cxd5 8. Nc3
e6 9. b3 Nc6 10. Bb2 Bd7 11. e3 Qa5 12. Ne5 Nxe5 13. dxe5 Ne8 14. Ne2 Nc7 15.
f4 Bb5 16. Rf2 Bxe2 17. Rxe2 Na6 18. a3 Rfc8 19. b4 Qb6 20. Bd4 Qd8 21. Rd2 Qe7
22. Rc1 Nc7 23. Qa4 Qe8 24. Qxe8+ Nxe8 25. Rdc2 Rd8 26. Bf1 a6 27. a4 Bf8 28.
b5 h5 29. Bb6 Rdb8 30. h3 Be7 31. Kf2 Bd8 32. Bxd8 Rxd8 33. bxa6 bxa6 34. Rc6
a5 35. R1c5 Ng7 36. g4 hxg4 37. hxg4 d4 38. Rd6 Ne8 39. Rxd8 Rxd8 40. exd4 Rxd4
41. Ke3 Rxa4 42. Rc8 Ra3+ 43. Kf2 Ra2+ 44. Kg3 Ra3+ 45. Kh4 Rf3 46. Bb5 Rxf4
47. Bxe8 Kg7 48. Ra8 Kh6 49. Rxa5 Rf3 50. g5+ Kg7 51. Kg4 Rf5 52. Bc6 Rf1 53.
Ra3 Rc1 54. Be4 Rc5 55. Kf4 Rb5 56. Ra4 Rc5 57. Bd3 Rc1 58. Be2 Re1 59. Ke3 Rb1
60. Rg4 Kf8 61. Bd3 Re1+ 62. Kd4 Kg7 63. Be4 Rc1 64. Bf3 Kg8 65. Rf4 Re1 66.
Bg4 Kg7 67. Re4 Rc1 68. Ke3 Rc3+ 69. Kd2 Rg3 70. Rf4 Kg8 71. Ke2 Kg7 72. Rb4
Rc3 73. Bf3 Rc5 74. Re4 Rc3 75. Kf2 Ra3 76. Kg3 Ra1 77. Kf4 Rc1 78. Rb4 Rg1 79.
Rc4 Kg8 80. Rc7 Rf1 81. Rd7 Rc1 82. Rd1 Rc4+ 83. Ke3 Rb4 84. Rc1 Rb3+ 85. Ke4
Rb4+ 86. Ke3 Rb3+ 87. Kf4 Rb4+ 88. Be4 Rb5 89. Rc7 Kf8 90. Rc8+ Kg7 91. Rc7 Kf8
92. Bd3 Rb2 93. Kf3 Rb3 1/2-1/2

[Event "BL 9394 Bochum-Dresden"]
[Site "?"]
[Date "1993.??.??"]
[Round "?.1"]
[White "Bologan, V."]
[Black "Dokhoian, Y."]
[Result "1/2-1/2"]
[WhiteElo "2510"]
[BlackElo "2550"]
[PlyCount "40"]
[EventDate "1993.??.??"]

1. e4 e6 2. d4 d5 3. Nc3 Nf6 4. Bg5 dxe4 5. Nxe4 Nbd7 6. Nf3 h6 7. Nxf6+ Nxf6
8. Bd2 c5 9. dxc5 Bxc5 10. Bd3 O-O 11. Qe2 e5 12. O-O-O Re8 13. Bb5 Bd7 14.
Bxd7 Qxd7 15. Be3 Bxe3+ 16. Qxe3 Qa4 17. Kb1 Rac8 18. Qb3 Qxb3 19. axb3 Ng4 20.
Rd2 e4 1/2-1/2

[Event "BL 9394 Bochum-Dresden"]
[Site "?"]
[Date "1993.??.??"]
[Round "?.2"]
[White "Glek, I."]
[Black "Uhlmann, W."]
[Result "1-0"]
[WhiteElo "2535"]
[BlackElo "2510"]
[PlyCount "66"]
[EventDate "1993.??.??"]

1. d4 Nf6 2. c4 g6 3. Nc3 Bg7 4. e4 d6 5. f3 O-O 6. Be3 a6 7. Qd2 Nbd7 8. Rd1
c6 9. Nh3 b5 10. Nf2 bxc4 11. Bxc4 d5 12. Bb3 Nb6 13. e5 Nfd7 14. Bh6 Re8 15.
h4 Bxh6 16. Qxh6 Nf8 17. h5 g5 18. Qxg5+ Kh8 19. Qh6 f6 20. Nh3 Ra7 21. Nf4
fxe5 22. dxe5 Qc7 23. Kf2 Qxe5 24. Qxc6 Qxf4 25. Qxe8 Qf6 26. Nxd5 Nxd5 27.
Bxd5 Rc7 28. Qf7 Rc2+ 29. Kf1 Qxf7 30. Bxf7 Kg7 31. Bb3 Rxb2 32. Rh4 Bd7 33.
Rf4 e6 1-0

[Event "BL 9394 Bochum-Dresden"]
[Site "?"]
[Date "1993.??.??"]
[Round "?.3"]
[White "Lanka, Z."]
[Black "Schulz, KJ."]
[Result "1-0"]
[WhiteElo "2540"]
[BlackElo "2420"]
[PlyCount "131"]
[EventDate "1993.??.??"]

1. e4 e5 2. Nf3 Nf6 3. Nxe5 d6 4. Nf3 Nxe4 5. d4 d5 6. Bd3 Nc6 7. O-O Bg4 8. c4
Nf6 9. Nc3 Be7 10. cxd5 Nxd5 11. Be4 Nf6 12. Bxc6+ bxc6 13. h3 Bxf3 14. Qxf3
Nd5 15. Be3 O-O 16. Rac1 Rb8 17. b3 Ba3 18. Rc2 Nb4 19. Re2 Nd5 20. Bc1 Bb4 21.
Nxd5 cxd5 22. g3 Rb6 23. h4 Rf6 24. Qg4 Rg6 25. Qh3 Qc8 26. Qxc8 Rxc8 27. h5
Re6 28. Rc2 g6 29. Kg2 Kg7 30. Rh1 Bd6 31. hxg6 hxg6 32. Bh6+ Kf6 33. Be3 Kf5
34. Rh7 f6 35. Kf3 Re4 36. Rh6 a5 37. Rc1 Bf8 38. Rh7 Bd6 39. Rg1 Re7 40. Rh6
Rg8 41. g4+ Ke6 42. Bd2 a4 43. bxa4 Kd7 44. a5 Kc6 45. Rb1 Re4 46. Be3 f5 47.
gxf5 gxf5 48. Rf6 f4 49. Bxf4 Rxd4 50. Bxd6 cxd6 51. Rb6+ Kc5 52. Rbxd6 Rd3+
53. Kf4 Rg2 54. Rc6+ Kd4 55. Rc2 Ra3 56. a6 Kd3 57. Rb2 d4 58. Kf3 Rg1 59. Rb3+
Rxb3 60. axb3 Ra1 61. Rc6 Kd2 62. b4 d3 63. b5 Kd1 64. Rc7 d2 65. a7 Ra3+ 66.
Kg2 1-0

[Event "BL 9394 Bochum-Dresden"]
[Site "?"]
[Date "1993.??.??"]
[Round "?.4"]
[White "Backwinkel, P."]
[Black "Borriss, M."]
[Result "0-1"]
[WhiteElo "2410"]
[BlackElo "2375"]
[PlyCount "46"]
[EventDate "1993.??.??"]

1. d4 Nf6 2. c3 g6 3. Bg5 Bg7 4. Nd2 d5 5. e3 O-O 6. Bd3 c5 7. f4 Qb6 8. Rb1
Ng4 9. Qf3 f6 10. Bh4 e5 11. Qxd5+ Be6 12. Qf3 cxd4 13. exd4 exd4 14. Ne2 Nc6
15. Nb3 f5 16. h3 Ne3 17. cxd4 Bxb3 18. axb3 Nxd4 19. Nxd4 Qxd4 20. Be2 Rfe8
21. g3 Rac8 22. Qxb7 Rc2 23. Qb5 Ng2+ 0-1

[Event "BL 9394 Bochum-Dresden"]
[Site "?"]
[Date "1993.??.??"]
[Round "?.5"]
[White "Goldberg, A."]
[Black "Jackelen, T."]
[Result "1-0"]
[WhiteElo "2395"]
[BlackElo "2425"]
[PlyCount "99"]
[EventDate "1993.??.??"]

1. e4 d5 2. exd5 Qxd5 3. Nc3 Qa5 4. d4 Nf6 5. Nf3 c6 6. Bc4 Bf5 7. Bd2 e6 8.
Ne4 Qd8 9. Ng3 Bg6 10. c3 Nbd7 11. O-O Be7 12. Qe2 Nd5 13. Rad1 O-O 14. Bc1 Qc7
15. Ne5 Nxe5 16. dxe5 Rad8 17. Bxd5 Rxd5 18. Rxd5 cxd5 19. f4 Qc4 20. Qxc4 dxc4
21. Be3 Bd3 22. Rd1 b5 23. Kf2 f6 24. exf6 Bxf6 25. Bc5 Rc8 26. Bd6 Rd8 27. Be5
Bxe5 28. fxe5 Rd5 29. Re1 a5 30. Nh5 Bf5 31. h3 Rd2+ 32. Re2 Rd1 33. Re1 Rd2+
34. Re2 Rd8 35. g4 Bd3 36. Re3 Kf7 37. Rf3+ Ke7 38. Nxg7 Bb1 39. Rf6 Rd2+ 40.
Ke3 Rxb2 41. Nxe6 b4 42. Nf4 b3 43. axb3 cxb3 44. Nd5+ Ke8 45. Rb6 Bg6 46. e6
Kf8 47. Rb8+ Kg7 48. Rb7+ Kf8 49. Nf6 Be8 50. Rxh7 1-0

[Event "BL 9394 Bochum-Dresden"]
[Site "?"]
[Date "1993.??.??"]
[Round "?.6"]
[White "Luecke, N."]
[Black "Heinatz, T."]
[Result "1-0"]
[WhiteElo "2410"]
[BlackElo "2380"]
[PlyCount "61"]
[EventDate "1993.??.??"]

1. e4 d6 2. d4 Nf6 3. Nc3 g6 4. g3 Bg7 5. Bg2 O-O 6. Nge2 e5 7. h3 Nc6 8. Be3
a6 9. a4 Bd7 10. O-O exd4 11. Nxd4 Re8 12. Qd2 Ne5 13. Qe2 c5 14. Nb3 Be6 15.
Rfd1 Qc8 16. Rxd6 c4 17. Nd2 Bxh3 18. f4 Bg4 19. Qf1 Ned7 20. Qxc4 Bf8 21. Qxc8
Raxc8 22. Rd4 b5 23. axb5 axb5 24. Nxb5 Rxc2 25. Nd6 Bxd6 26. Rxd6 Rxb2 27. e5
Nh5 28. Bc6 Re7 29. Ra8+ Kg7 30. Bxd7 Bxd7 31. e6 1-0

[Event "BL 9394 Bochum-Dresden"]
[Site "?"]
[Date "1993.??.??"]
[Round "?.7"]
[White "Andresen, S."]
[Black "Sonntag, HH."]
[Result "0-1"]
[WhiteElo "2370"]
[BlackElo "2405"]
[PlyCount "106"]
[EventDate "1993.??.??"]

1. c4 Nf6 2. Nc3 g6 3. e4 d6 4. d4 Bg7 5. f3 O-O 6. Be3 c5 7. dxc5 dxc5 8. Qxd8
Rxd8 9. Bxc5 Nc6 10. Nd5 Nd7 11. Bxe7 Nxe7 12. Nxe7+ Kf8 13. Nd5 Bxb2 14. Rb1
Bg7 15. Nh3 Nc5 16. Nf2 Be6 17. Nd3 Rac8 18. Nxc5 Rxc5 19. Rxb7 Ra5 20. Bd3 Bd4
21. Bc2 Rxa2 22. Kd2 Be5 23. Kd3 a5 24. g3 a4 25. f4 Ra3+ 26. Kd2 Bd4 27. Rhb1
Kg7 28. Rb8 Be3+ 29. Ke1 Rxb8 30. Rxb8 Bg1 31. Ra8 Bxh2 32. Rxa4 Bxg3+ 33. Kf1
Bh3+ 34. Ke2 Bg4+ 35. Kd2 Rf3 36. c5 Bxf4+ 37. Nxf4 Rxf4 38. e5 Rxa4 39. Bxa4
f6 40. exf6+ Kxf6 41. Ke3 Ke5 42. Bc6 Be6 43. Be4 Bd5 44. Bd3 Bc6 45. Bc2 Kf6
46. Bd3 h5 47. Be2 Ke5 48. Bd1 h4 49. Bg4 g5 50. Bc8 Bd5 51. Bh3 Be6 52. Bg2 h3
53. Bf1 h2 0-1

[Event "BL 9394 Bochum-Dresden"]
[Site "?"]
[Date "1993.??.??"]
[Round "?.8"]
[White "Kassebaum, R."]
[Black "Wegener, D."]
[Result "1/2-1/2"]
[WhiteElo "2355"]
[BlackElo "2295"]
[PlyCount "103"]
[EventDate "1993.??.??"]

1. e4 c5 2. Nf3 Nc6 3. Bb5 g6 4. Bxc6 dxc6 5. h3 Bg7 6. O-O e5 7. d3 Qe7 8. Bg5
f6 9. Be3 Nh6 10. Qd2 Nf7 11. Qc3 b6 12. b4 Bf8 13. bxc5 bxc5 14. Nbd2 Nd8 15.
Nb3 Ne6 16. Nfd2 g5 17. Na5 Qc7 18. Ndb3 Qd6 19. Rab1 Rg8 20. Qc4 Rg7 21. Qa4
Rc7 22. Nc4 Qd7 23. Qa5 Rb7 24. Nxc5 Nxc5 25. Bxc5 Rb5 26. Rxb5 cxb5 27. Bxf8
bxc4 28. Bb4 Kf7 29. dxc4 Bb7 30. Re1 Kg6 31. Qb5 Bc6 32. Qc5 Rc8 33. Qe3 Ba4
34. Qe2 Qd4 35. c3 Qxc4 36. Qf3 Qe6 37. Qe3 a6 38. a3 Rd8 39. Kh2 Bb5 40. Qf3
Rd3 41. Re3 Rd7 42. Qg4 Qxg4 43. hxg4 Rd3 44. Re1 Bc4 45. Rc1 Rd2 46. Kg3 Rd3+
47. f3 Rd2 48. Bc5 Rb2 49. Rd1 Be2 50. Rc1 Bc4 51. Bd6 Ra2 52. Bb4 1/2-1/2

[Event "BL 9394 Erfurt-Bochum"]
[Site "?"]
[Date "1993.??.??"]
[Round "?.1"]
[White "Dokhoian, Y."]
[Black "Kuczynski, R."]
[Result "1-0"]
[WhiteElo "2550"]
[BlackElo "2520"]
[PlyCount "149"]
[EventDate "1993.??.??"]

1. d4 d5 2. c4 c6 3. Nf3 Nf6 4. Nc3 e6 5. Bg5 h6 6. Bxf6 Qxf6 7. e3 Nd7 8. Bd3
dxc4 9. Bxc4 g6 10. O-O Bg7 11. e4 e5 12. d5 Nb6 13. Bb3 Bg4 14. Rc1 O-O 15. h3
Bxf3 16. Qxf3 Qxf3 17. gxf3 Rfc8 18. dxc6 bxc6 19. Na4 Rc7 20. Rfd1 Bf8 21. Nc5
a5 22. Na4 Nxa4 23. Bxa4 Rac8 24. Rc4 Be7 25. Bb3 Kf8 26. Kg2 Rb8 27. Kg3 Bg5
28. Rd3 Ke7 29. Kg2 Bf4 30. Rdc3 Kd6 31. Rd3+ Ke7 32. Rc2 Rb4 33. Rdc3 Kd6 34.
Bd5 c5 35. Bc4 Rcb7 36. b3 Rc7 37. Rd3+ Ke7 38. Rcc3 Rb6 39. a3 Rd6 40. Bd5 Rb6
41. Rc4 h5 42. Kf1 Bh6 43. Rdc3 Kd6 44. Ke2 Bg5 45. Ra4 Ra7 46. Rd3 Ke7 47. Bc4
Rd6 48. b4 Rxd3 49. Bxd3 cxb4 50. axb4 Kd6 51. bxa5 Bd8 52. a6 Bb6 53. Rb4 Bc5
54. Rb5 g5 55. Bc4 h4 56. Rb8 Ke7 57. Rg8 Kf6 58. Rc8 Bd4 59. Bb5 Ke7 60. Kd3
Bxf2 61. Kc4 Kd6 62. Rc6+ Ke7 63. Kd5 Bd4 64. Rc8 Kf6 65. Rg8 Bf2 66. Kc6 Be3
67. Bc4 Bf2 68. Rf8 Be3 69. Kd6 Bd4 70. Rb8 g4 71. fxg4 Kg5 72. Rb7 f6 73. Rxa7
Bxa7 74. Be6 Kf4 75. Bf5 1-0

[Event "BL 9394 Erfurt-Bochum"]
[Site "?"]
[Date "1993.??.??"]
[Round "?.2"]
[White "Casper, T."]
[Black "Glek, I."]
[Result "0-1"]
[WhiteElo "2440"]
[BlackElo "2535"]
[PlyCount "84"]
[EventDate "1993.??.??"]

1. e4 c5 2. Nc3 Nc6 3. g3 g6 4. Bg2 Bg7 5. d3 d6 6. f4 e6 7. Nf3 Nge7 8. O-O
O-O 9. Be3 Nd4 10. Rb1 d5 11. Ne2 Nxf3+ 12. Bxf3 d4 13. Bf2 e5 14. a3 Bh3 15.
Re1 Qd7 16. fxe5 Nc6 17. Nf4 Nxe5 18. Nxh3 Qxh3 19. Bg2 Qd7 20. Qe2 Rac8 21.
Rbd1 b5 22. Rf1 Bh6 23. h3 Rc6 24. g4 Rfc8 25. Bg3 Qe7 26. Kh1 c4 27. dxc4 Rxc4
28. b3 Rxc2 29. Qxb5 R2c5 30. Qa6 R5c6 31. Qa4 Be3 32. Bxe5 Qxe5 33. Qxa7 R8c7
34. Qb8+ Kg7 35. Rf3 Rc1 36. Rdf1 Rxf1+ 37. Rxf1 d3 38. b4 d2 39. b5 Qg3 40.
Qd8 Bf4 41. Kg1 Qe3+ 42. Kh1 Rc1 0-1

[Event "BL 9394 Erfurt-Bochum"]
[Site "?"]
[Date "1993.??.??"]
[Round "?.3"]
[White "Schulz, KJ."]
[Black "Jasnikowski, Z."]
[Result "0-1"]
[WhiteElo "2420"]
[BlackElo "2450"]
[PlyCount "60"]
[EventDate "1993.??.??"]

1. e4 c5 2. Nf3 e6 3. d4 cxd4 4. Nxd4 Nf6 5. Nc3 d6 6. Be3 Be7 7. Qe2 a6 8.
O-O-O Qc7 9. g4 h6 10. Bg2 Nc6 11. Nxc6 bxc6 12. h4 h5 13. g5 Ng4 14. Bd2 a5
15. f4 g6 16. Bh3 e5 17. Qf3 exf4 18. Bxf4 O-O 19. Qg3 Ne5 20. Bxe5 dxe5 21.
Bxc8 Rfxc8 22. Na4 Rd8 23. c3 Rxd1+ 24. Rxd1 Rd8 25. Rxd8+ Qxd8 26. Kc2 Qd6 27.
Nb6 Qe6 28. b3 Qg4 29. Qxg4 hxg4 30. Kd3 g3 0-1

[Event "BL 9394 Erfurt-Bochum"]
[Site "?"]
[Date "1993.??.??"]
[Round "?.4"]
[White "Schwarz, M."]
[Black "Backwinkel, P."]
[Result "1/2-1/2"]
[WhiteElo "2405"]
[BlackElo "2410"]
[PlyCount "39"]
[EventDate "1993.??.??"]

1. g3 d5 2. Bg2 c6 3. c4 Nf6 4. Qb3 dxc4 5. Qxc4 g6 6. Nf3 Bg7 7. O-O O-O 8.
Nc3 Nbd7 9. d4 Nb6 10. Qd3 Nfd5 11. Rd1 Nb4 12. Qb1 Be6 13. a3 Na6 14. Qc2 Qc8
15. Ne4 Bh3 16. Bg5 Bxg2 17. Kxg2 Qe6 18. Bd2 h6 19. e3 f5 20. Nc5 1/2-1/2

[Event "BL 9394 Erfurt-Bochum"]
[Site "?"]
[Date "1993.??.??"]
[Round "?.6"]
[White "Troyke, C."]
[Black "Luecke, N."]
[Result "1/2-1/2"]
[WhiteElo "2395"]
[BlackElo "2410"]
[PlyCount "78"]
[EventDate "1993.??.??"]

1. g3 e5 2. Bg2 Nf6 3. d3 d5 4. Nf3 Nc6 5. O-O Be7 6. Nbd2 O-O 7. e4 Re8 8. c3
h6 9. Qe2 Bf8 10. Re1 Be6 11. exd5 Bxd5 12. Ne4 a5 13. Bd2 Qe7 14. Nh4 Nxe4 15.
dxe4 Be6 16. Nf5 Qd7 17. Be3 Ne7 18. Red1 Qc8 19. Nh4 c6 20. Bb6 Qb8 21. Qe3
Nc8 22. Bc5 Nd6 23. b3 a4 24. c4 axb3 25. axb3 Rxa1 26. Rxa1 b5 27. Bxd6 Qxd6
28. Bf1 Qb4 29. Rc1 Bc5 30. Qc3 Qxc3 31. Rxc3 Bd4 32. Rc2 b4 33. Ra2 Bg4 34.
Nf5 Bxf5 35. exf5 e4 36. Kg2 c5 37. Be2 e3 38. f3 Rd8 39. f4 Bc3 1/2-1/2

[Event "BL 9394 Erfurt-Bochum"]
[Site "?"]
[Date "1993.??.??"]
[Round "?.7"]
[White "Kassebaum, R."]
[Black "Brueggemann, Joa"]
[Result "0-1"]
[WhiteElo "2355"]
[BlackElo "2335"]
[PlyCount "68"]
[EventDate "1993.??.??"]

1. e4 c5 2. Nf3 d6 3. d4 cxd4 4. Nxd4 Nf6 5. Nc3 a6 6. g3 e6 7. Bg2 Be7 8. O-O
O-O 9. Be3 Bd7 10. a4 Nc6 11. Qe2 Qc7 12. Nxc6 Bxc6 13. a5 Rac8 14. Rfd1 Rfe8
15. f4 Nd7 16. Qf2 Bf6 17. Rd3 h6 18. Ra2 Nc5 19. Bxc5 dxc5 20. Qxc5 Red8 21.
Qe3 Bxc3 22. bxc3 Bb5 23. Rxd8+ Rxd8 24. Ra1 Rd7 25. Bf3 Qd8 26. Qb6 Qc8 27.
Qe3 Rc7 28. Ra3 e5 29. fxe5 Qe6 30. Qf4 Qc4 31. Ra1 Qxc3 32. Rd1 Rd7 33. e6
fxe6 34. Rb1 Rf7 0-1

[Event "BL 9394 Erfurt-Bochum"]
[Site "?"]
[Date "1993.??.??"]
[Round "?.8"]
[White "Voekler, B."]
[Black "Kitte, S."]
[Result "1-0"]
[WhiteElo "2335"]
[BlackElo "2240"]
[PlyCount "49"]
[EventDate "1993.??.??"]

1. e4 c5 2. Nf3 e6 3. d4 cxd4 4. Nxd4 Nf6 5. Nc3 d6 6. Bc4 Be7 7. Bb3 O-O 8.
Qe2 Na6 9. g4 Nc5 10. g5 Ne8 11. h4 Nxb3 12. axb3 Nc7 13. Be3 a6 14. f4 f5 15.
exf5 e5 16. f6 exd4 17. Bxd4 gxf6 18. O-O-O Nb5 19. Nd5 Rf7 20. gxf6 Bxf6 21.
Bxf6 Rxf6 22. Nxf6+ Qxf6 23. Qe8+ Kg7 24. Rhg1+ Kh6 25. f5 1-0

[Event "BL 9394 Dresden-Castrop Rauxel"]
[Site "?"]
[Date "1993.??.??"]
[Round "?.2"]
[White "Uhlmann, W."]
[Black "King, D."]
[Result "1/2-1/2"]
[WhiteElo "2510"]
[BlackElo "2455"]
[PlyCount "88"]
[EventDate "1993.??.??"]

1. c4 Nf6 2. Nc3 e6 3. Nf3 d5 4. d4 Be7 5. Bg5 O-O 6. Rc1 h6 7. Bh4 dxc4 8. e3
c5 9. Bxc4 cxd4 10. Nxd4 Bd7 11. O-O Nc6 12. Nf3 Nh5 13. Bxe7 Qxe7 14. Ne4 Rfd8
15. Qd6 Be8 16. Qxe7 Nxe7 17. Nd4 Nf6 18. Nxf6+ gxf6 19. Be2 Nc6 20. Nb3 Rac8
21. Rfd1 Rxd1+ 22. Rxd1 Nb4 23. a3 Ba4 24. Rc1 Rxc1+ 25. Nxc1 Nd5 26. Bf3 Bc6
27. Nb3 Ne7 28. Bxc6 Nxc6 29. Nc5 b6 30. Nd7 f5 31. b4 Kg7 32. Kf1 f6 33. Ke2
Kf7 34. b5 Na5 35. Kd3 Ke7 36. Nb8 Kd6 37. Kc3 Nb7 38. Nc6 Nc5 39. Nxa7 Ne4+
40. Kd4 Nxf2 41. Nc8+ Kc7 42. Ne7 Kd6 43. Nc8+ Kc7 44. Ne7 Kd6 1/2-1/2

[Event "BL 9394 Dresden-Castrop Rauxel"]
[Site "?"]
[Date "1993.??.??"]
[Round "?.3"]
[White "Appel, R."]
[Black "Lanka, Z."]
[Result "0-1"]
[WhiteElo "2430"]
[BlackElo "2540"]
[PlyCount "72"]
[EventDate "1993.??.??"]

1. d4 Nf6 2. Nf3 g6 3. c4 Bg7 4. g3 O-O 5. Bg2 d6 6. O-O Nc6 7. Nc3 a6 8. Bg5
h6 9. Be3 Rb8 10. h3 Bd7 11. Qd2 Kh7 12. Rac1 b5 13. Nd5 Ne4 14. Qd3 f5 15.
cxb5 Rxb5 16. Nxc7 Qxc7 17. d5 Nc5 18. Bxc5 dxc5 19. dxc6 Bxc6 20. b4 e5 21.
Qc4 e4 22. Nh2 Rd8 23. bxc5 Bd5 24. Qa4 Rxc5 25. Rxc5 Qxc5 26. Rb1 Qc4 27. Qa5
Qxa2 28. Qxd8 Qxb1+ 29. Nf1 Bc4 30. g4 fxg4 31. Kh2 gxh3 32. Nd2 Be5+ 33. Kxh3
Be6+ 34. Kh4 Qb7 35. Nxe4 Qc7 36. e3 Bf5 0-1

[Event "BL 9394 Dresden-Castrop Rauxel"]
[Site "?"]
[Date "1993.??.??"]
[Round "?.4"]
[White "Borriss, M."]
[Black "Hoffmann, M."]
[Result "1/2-1/2"]
[WhiteElo "2375"]
[BlackElo "2455"]
[PlyCount "31"]
[EventDate "1993.??.??"]

1. e4 c5 2. Nf3 d6 3. d4 cxd4 4. Nxd4 Nf6 5. Nc3 a6 6. Bg5 e6 7. f4 Be7 8. Qf3
Qc7 9. O-O-O Nbd7 10. g4 b5 11. Bxf6 Nxf6 12. g5 Nd7 13. f5 Bxg5+ 14. Kb1 Ne5
15. Qh5 Qd8 16. fxe6 1/2-1/2

[Event "BL 9394 Dresden-Castrop Rauxel"]
[Site "?"]
[Date "1993.??.??"]
[Round "?.5"]
[White "Sehner, N."]
[Black "Goldberg, A."]
[Result "1-0"]
[WhiteElo "2415"]
[BlackElo "2395"]
[PlyCount "127"]
[EventDate "1993.??.??"]

1. c4 e5 2. g3 Nf6 3. Bg2 d5 4. cxd5 Nxd5 5. Nf3 Nc6 6. d3 Be7 7. a3 O-O 8. O-O
Bg4 9. Nc3 Nb6 10. b4 f6 11. Na4 Nxa4 12. Qxa4 a5 13. b5 Bxf3 14. Bxf3 Nd4 15.
Qc4+ Kh8 16. Bxb7 Nxe2+ 17. Kg2 Rb8 18. Bc6 Qd4 19. Bd2 Qxc4 20. dxc4 Nd4 21.
Bxa5 Nxc6 22. bxc6 Bd6 23. Rfb1 Ra8 24. Rb5 e4 25. Re1 f5 26. Bb4 Ra6 27. c5
Be5 28. Rd1 Rxc6 29. Rd5 Ba1 30. Rxf5 Kg8 31. Rxf8+ Kxf8 32. Bd2 Bd4 33. Rb4
Bxc5 34. Rc4 Rd6 35. Bf4 Rd5 36. a4 Bd6 37. Bxd6+ cxd6 38. Rxe4 Rd2 39. Kf3 Ra2
40. h4 Kf7 41. Ke3 Kf6 42. Kd3 d5 43. Rf4+ Ke5 44. Kc3 h6 45. Kb3 Ra1 46. Kb2
Re1 47. a5 d4 48. a6 Re2+ 49. Kb3 Re1 50. Rf7 Ra1 51. a7 g5 52. hxg5 hxg5 53.
f3 d3 54. Kc3 Ra3+ 55. Kd2 Kd4 56. Rd7+ Kc4 57. Ke3 Ra2 58. Rd4+ Kc5 59. Rxd3
Rxa7 60. Ke4 Kc4 61. Rd4+ Kc3 62. Rd5 Rg7 63. Kf5 Kc4 64. Rd8 1-0

[Event "BL 9394 Dresden-Castrop Rauxel"]
[Site "?"]
[Date "1993.??.??"]
[Round "?.6"]
[White "Heinatz, T."]
[Black "Dinstuhl, V."]
[Result "1-0"]
[WhiteElo "2380"]
[BlackElo "2365"]
[PlyCount "89"]
[EventDate "1993.??.??"]

1. e4 c5 2. Nf3 d6 3. d4 cxd4 4. Nxd4 Nf6 5. Nc3 a6 6. Bc4 e6 7. Bb3 Be7 8. O-O
O-O 9. f4 b5 10. f5 e5 11. Nde2 Nbd7 12. Ng3 Bb7 13. Nd5 Nxd5 14. Bxd5 Nf6 15.
Bxb7 Qb6+ 16. Kh1 Qxb7 17. Bg5 Rad8 18. Bxf6 Bxf6 19. Qg4 d5 20. Nh5 Kh8 21.
Nxf6 gxf6 22. Qh4 Qc6 23. a4 dxe4 24. axb5 axb5 25. Ra3 Rg8 26. Rc3 Qb6 27.
Qxe4 Rd2 28. Rg3 Rxg3 29. hxg3 Rd4 30. Qf3 b4 31. Ra1 Qc7 32. c3 bxc3 33. bxc3
Rc4 34. Kh2 Qd7 35. Rd1 Qc8 36. Ra1 Qd7 37. Rd1 Qc7 38. Qa8+ Kg7 39. Rd8 Kh6
40. Rg8 Qd6 41. Qa7 Qd1 42. Qe3+ Kh5 43. g4+ Rxg4 44. Qh3+ Rh4 45. g4+ 1-0

[Event "BL 9394 Dresden-Castrop Rauxel"]
[Site "?"]
[Date "1993.??.??"]
[Round "?.7"]
[White "Hermesmann, H."]
[Black "Andresen, S."]
[Result "1/2-1/2"]
[WhiteElo "2305"]
[BlackElo "2370"]
[PlyCount "65"]
[EventDate "1993.??.??"]

1. d4 Nf6 2. Bg5 c5 3. d5 Qb6 4. Nc3 Qxb2 5. Bd2 Qb6 6. e4 e5 7. f4 d6 8. Rb1
Qd8 9. Nf3 exf4 10. Bxf4 Nh5 11. Bd2 g6 12. Bb5+ Nd7 13. e5 dxe5 14. Qe2 Bg7
15. g4 Nhf6 16. Qxe5+ Kf8 17. Qd6+ Kg8 18. O-O a6 19. Be2 Nxg4 20. Bg5 Qe8 21.
Rb3 h6 22. Bd2 Nge5 23. Qc7 Nxf3+ 24. Bxf3 Bd4+ 25. Kh1 Ne5 26. Bg2 Qd7 27. d6
Nc4 28. Bf4 Qxc7 29. dxc7 Na5 30. Ra3 Nc4 31. Rb3 Na5 32. Ra3 Nc4 33. Rb3
1/2-1/2

[Event "BL 9394 Dresden-Castrop Rauxel"]
[Site "?"]
[Date "1993.??.??"]
[Round "?.8"]
[White "Wegener, D."]
[Black "Hennig, D."]
[Result "1-0"]
[WhiteElo "2295"]
[BlackElo "2330"]
[PlyCount "131"]
[EventDate "1993.??.??"]

1. e4 g6 2. d4 c6 3. Nd2 Bg7 4. c3 d6 5. Ngf3 Nf6 6. Bd3 O-O 7. O-O Nbd7 8. Re1
e5 9. Bf1 Qc7 10. Nc4 Nxe4 11. Rxe4 d5 12. Rh4 dxc4 13. Bxc4 exd4 14. cxd4 Nb6
15. Bf4 Qe7 16. Bg5 Bf6 17. Bxf6 Qxf6 18. Bb3 Be6 19. Bxe6 fxe6 20. Qd2 Rae8
21. Re1 Nd5 22. Qg5 Re7 23. Rhe4 Nc7 24. Qc5 Nd5 25. Qxa7 Nf4 26. Qa3 Rd7 27.
Kh1 Rd5 28. Ne5 Qg5 29. Qg3 Qf5 30. Qf3 Nh5 31. Qxf5 exf5 32. R4e2 Rxd4 33. Nf3
Rb4 34. b3 Nf4 35. Rd2 Nd5 36. g3 Re4 37. Kg2 Rfe8 38. Kf1 Kg7 39. Rc1 Kf6 40.
h4 h6 41. Ne1 g5 42. hxg5+ hxg5 43. Nd3 Rh8 44. Kg2 Rd8 45. Rdd1 Re2 46. Re1
Rxa2 47. Nc5 b6 48. Nb7 Rd7 49. Rxc6+ Kg7 50. Nd6 f4 51. Nf5+ Kf8 52. Rh6 Rc7
53. Rd6 Rd2 54. Rd8+ Kf7 55. Nd6+ Kg7 56. Ne8+ Kf7 57. Nxc7 Ne3+ 58. Kg1 Rxd8
59. fxe3 Rd3 60. gxf4 gxf4 61. exf4 Rxb3 62. Kf2 b5 63. Nd5 Kg6 64. Re6+ Kf5
65. Re5+ Kg4 66. Rg5+ 1-0